000 00920cam a22002533a 4500
001 14706
003 PGUSA
005 20140828083320.0
008 050116s2005||||xxu|||||s|||||000 p eng d
040 _aPGUSA
_beng
042 _adc
050 4 _aPR
100 1 _aChesterton, G. K.
_q(Gilbert Keith),
_d1874-1936
245 1 0 _aGreybeards at Play :
_bLiterature and Art for Old Gentlemen
_h[electronic resource] /
_cG. K. Chesterton
260 _bProject Gutenberg,
_c2005
505 0 _aThe oneness of the philosopher with nature -- Of the dangers attending altruism on the high seas -- On the disastrous spread of æstheticism in all classes -- Envoy.
506 _aPublic domain in the USA.
516 _aElectronic text
653 _aEnglish poetry -- 20th century
653 _aHumorous poetry, English
830 0 _aProject Gutenberg
_v14706
856 4 0 _uhttp://www.gutenberg.org/ebooks/14706
942 _cEB
999 _c243961
_d243961